|
|
|
|
| LEADER |
01613nam a2200289 a 4500 |
| 001 |
30782 |
| 005 |
20160106180939.0 |
| 008 |
100922r20102014enk b 001 0 eng |
| 010 |
|
|
|a 2010485165
|
| 020 |
|
|
|a 9780521763271 (hbk.)
|
| 020 |
|
|
|a 9780521747653 (pbk.)
|
| 040 |
|
|
|a DLC
|c DLC
|d BD-DhAAL
|
| 050 |
0 |
0 |
|a K3830.4
|b .S67 2010
|
| 082 |
|
|
|2 22
|a 346.092
|
| 100 |
1 |
|
|a Sornarajah, M.
|9 15518
|
| 245 |
1 |
4 |
|a The international law on foreign investment /
|c M. Sornarajah.
|
| 250 |
|
|
|a 3rd ed.
|
| 260 |
|
|
|a Cambridge ;
|a New York :
|b Cambridge University Press,
|c 2010 [5th printing 2014].
|
| 300 |
|
|
|a xxx, 524 p. ;
|c 25 cm.
|
| 504 |
|
|
|a Includes bibliographical references (p. 474-493) and index.
|
| 505 |
0 |
|
|a Introduction -- The shaping factors -- Actors in the field of foreign investment -- Risks in foreign investment -- Sources of the international law on foreign investment -- Multilateral instruments on foeign investment -- Settlement of investment disputes : contract-based arbitration -- Treaty-based investment arbitration : jurisdictional issues -- Causes of action : breaches of treatment standards -- The taking of foreign property -- Compensation for national isation of foreign investments -- Defences to responsibility.
|
| 541 |
|
|
|e 30782
|
| 650 |
|
0 |
|a Investments, Foreign (International law)
|9 11212
|
| 852 |
|
|
|a Ayesha Abed Library
|c General Stacks
|
| 942 |
|
|
|2 ddc
|c BK
|
| 999 |
|
|
|c 35825
|d 35825
|
| 952 |
|
|
|0 0
|1 0
|2 ddc
|4 0
|6 346_092000000000000_SOR
|7 0
|9 57447
|a BRACUL
|b BRACUL
|c GEN
|d 2015-12-31
|e Karim International
|g 6000.00
|l 4
|m 47
|o 346.092 SOR
|p 3010030782
|r 2018-04-22
|s 2018-03-27
|t 1
|w 2015-12-31
|y BK
|